Retail property monthly monitor - (September - December 1999) (Record no. 100071)

MARC details
000 -LEADER
fixed length control field 00597cam a2200217 4500
001 - CONTROL NUMBER
control field J102873
008 - FIXED-LENGTH DATA ELEMENTS--GENERAL INFORMATION
fixed length control field 000000n1999 000 0 eng u
035 ## - SYSTEM CONTROL NUMBER
System control number (Sirsi) u102874
041 ## - LANGUAGE CODE
Language code of text/sound track or separate title eng
050 ## - LIBRARY OF CONGRESS CALL NUMBER
Classification number 333.33016
110 ## - MAIN ENTRY--CORPORATE NAME
Corporate name or jurisdiction name as entry element Richard Ellis St. Quintin
9 (RLIN) 3738
245 ## - TITLE STATEMENT
Title Retail property monthly monitor - (September - December 1999)
260 ## - PUBLICATION, DISTRIBUTION, ETC.
Name of publisher, distributor, etc. Richard Ellis St Quintin
Date of publication, distribution, etc. 1999
300 ## - PHYSICAL DESCRIPTION
Extent 3pt. ; 30cm.
650 ## - SUBJECT ADDED ENTRY--TOPICAL TERM
Topical term or geographic name entry element RETAIL PROPERTY
650 ## - SUBJECT ADDED ENTRY--TOPICAL TERM
Topical term or geographic name entry element RENTAL VALUES
650 ## - SUBJECT ADDED ENTRY--TOPICAL TERM
Topical term or geographic name entry element CAPITAL VALUES
650 ## - SUBJECT ADDED ENTRY--TOPICAL TERM
Topical term or geographic name entry element TOTAL RETURNS
690 ## - LOCAL SUBJECT ADDED ENTRY--TOPICAL TERM (OCLC, RLIN)
Topical term or geographic name as entry element PROPERTY-COMMERCIAL PROPERTY
942 ## - ADDED ENTRY ELEMENTS (KOHA)
Suppress in OPAC 0
Holdings
Withdrawn status Lost status Source of classification or shelving scheme Damaged status Not for loan Home library Current library Shelving location Date acquired Total Checkouts Full call number Barcode Date last seen Copy number Price effective from Koha item type
    Dewey Decimal Classification     London London Property market reports 25/11/1999   PROPERTY MARKET REPORTS 30060210 06/08/2019 1 06/08/2019 Reference material
    Dewey Decimal Classification     London London Property market reports 12/01/2000   PROPERTY MARKET REPORTS 30060085 06/08/2019 2 06/08/2019 Reference material
    Dewey Decimal Classification     London London Property market reports 12/01/2000   PROPERTY MARKET REPORTS 30060086 06/08/2019 3 06/08/2019 Reference material
    Dewey Decimal Classification     London London Property market reports 08/02/2000   PROPERTY MARKET REPORTS 30060661 06/08/2019 4 06/08/2019 Reference material